000 00871nam a22002537a 4500
005 20170124110026.0
010 _aA-806094
020 _c50.00
_a812371596
035 _aA-806094
037 _bCen Lib/Ret
040 _aDPL
_bEN
082 _a500
_bARV
100 _aArvind Kumar
_9112908
245 _aChaos fractals and self organisation :
_cby Arvind Kumar ; illustrated by Anand Ghaisas
_b new perspectives on complexity in nature /
260 _aNew Delhi
_b National Book Trust , India
_c1996
270 _aA-5,Green Park
_bNew Delhi
_e110016
300 _a186p.
_c21cm(Hb)
490 _aPopular science series
500 _aIncludes bibliographical reference and index
650 _aSelf-organizing systems
_9112909
650 _aChaotic behavior in systems
_9112910
700 _aGhaisas, Anand
_9112911
942 _2ddc
_cEN
_h500
_mARV
999 _c127504
_d127504